000 00883nmm a2200277 a 4500
001 ocm0001256877
003 TR-IsHL
005 20201028160601.0
008 160715s2016 tu tur
007 cr cn
020 _a9786059285803
035 _a1256877
_b(N$T)
050 0 4 _aPZ7
_b.I47 2016
090 0 4 _aPZ7
_b.I47 2016
100 1 _aIngersoll, Ernest
245 1 0 _aThe ice queen
_h[electronic resource] /
_cErnest Ingersoll ; illustrated by Murat Ukray
260 _aİstanbul :
_bE-Kitap Projesi,
_c2016
300 _a262 p.
650 4 _aDil ve Edebiyat
650 4 _aLanguage and Literature
650 0 _aÇocuk romanı, İngiliz
650 0 _aChildren fiction, English
650 7 _aJUVENILE FICTION / General
_2bisacsh
700 1 _aUkray, Murat
856 4 0 _uhttp://search.ebscohost.com/login.aspx?direct=true&scope=site&db=e011xww&AN=1256877
999 _c13679
_d13679